Výsledky štrukturálneho cenzu fariem 2001

Bibliographic Details
Main Author: Šuchterová, Klaudia (Author)
Format: Article
Language:Slovak
PhysicalDescription:Grafy, tab.
ISSN:1210-1095
Subjects:

MARC

LEADER 00000nab a2200000 a 4500
001 vtls000855549
003 SK-MaSNL
005 20260304115510.0
008 250429c2003 xo 0 slo
015 |a SNBRB2003/12-35088 
035 |a CLN000207204 
035 |a urn:nbn:sk:snk-ab7664 
035 |a (uuid)1b36d2ea-801b-4e0a-92e0-a641e5966930 
035 |a (urnnbn)urn:nbn:sk:snk:ar-a071d2 
035 |a (sysno)vtls000855549 
040 |a SNKBUCL  |b slo  |c SNKBUCL  |e AACR2 
041 0 |a slo 
044 |a xo  |c SK 
080 |a 311.3:631.1(437.6)  |2 1997 
080 |a 631.1(437.6)  |2 1997 
080 |a 338.43(437.6)  |2 1997 
100 1 |a Šuchterová, Klaudia  |4 aut  |9 1387668 
245 1 0 |a Výsledky štrukturálneho cenzu fariem 2001 
300 |b Grafy, tab. 
504 |a Bibliogr. odkazy 
504 |a Res. angl. 
650 0 7 |a poľnohospodárstvo  |x farmy  |x cenzus štrukturálny  |z Slovensko  |2 snkbucl  |9 1422109 
650 0 7 |a farmy  |z Slovensko  |2 snkbucl  |9 840303 
655 7 |a články z novín a časopisov  |2 snkbucl  |9 267496 
773 0 |t Slovenská štatistika a demografia  |g Roč. 13, č. 3 (2003), s. 9-31  |x 1210-1095 
850 |a Slovenská národná knižnica 
852 |a Slovenská národná knižnica 
954 |a odborná, vedecká literatúra pôvodná (slovenská)  |2 lita 
958 |a article27 
958 |a SK 
958 |a NB 
958 |a OND 
958 |a EUIPO 
999 |c 2876174  |d 2878104